[Event "Open A"]
[Site "Gjovik NOR"]
[Date "2009.01.04"]
[Round "6"]
[White "Mamedjarova,Z"]
[Black "Devereaux,M"]
[Result "1/2-1/2"]
[WhiteElo "2351"]
[BlackElo "2415"]

1.d4 Nf6 2.c4 e6 3.Nf3 b6 4.g3 Ba6 5.Qc2 Bb7 6.Bg2 Bb4+ 7.Bd2 Na6 8.Bxb4 Nxb4
9.Qb3 Qe7 10.O-O O-O 11.a3 Nc6 12.Nbd2 d5 13.Rac1 Na5 14.Qa4 dxc4 15.Nxc4 Nxc4
16.Rxc4 Rfc8 17.Rfc1 Bd5 18.R4c3 c5 19.dxc5 Ne4 20.R3c2 Nxc5 21.Qf4 Rd8 22.b4 Nb3
23.Rb1 Bxf3 24.Bxf3 Nd4 25.Rc7 Nxf3+ 26.exf3 Qf6 27.Qxf6 gxf6 28.Rb3 a5 29.bxa5 Rxa5
30.Rb7 Rda8 31.R7xb6  1/2-1/2

[Event "38th Rilton Cup 2008-9"]
[Site "Stockholm SWE"]
[Date "2009.01.04"]
[Round "8"]
[White "De Verdier,M"]
[Black "Sammalvuo,N"]
[Result "1/2-1/2"]
[WhiteElo "2169"]
[BlackElo "2245"]

1.d4 Nf6 2.Nf3 e6 3.c4 b6 4.g3 Ba6 5.Qc2 c5 6.d5 exd5 7.cxd5 Bb7 8.Bg2 Nxd5
9.O-O Be7 10.Qe4 Bc6 11.Ne5 Nc7 12.Nxc6 Nxc6 13.Nc3 O-O 14.Rd1 Rc8 15.Bh3 Ne6
16.Nd5 Re8 17.Qa4 Bg5 18.e3 Rb8 19.Nc3 Be7 20.f4 Qc8 21.Bf1 Bf8 22.Ba6 Qc7
23.Nd5 Qd8 24.Bb5 Qc8 25.Ba6 Qd8 26.Bb5 Qc8  1/2-1/2

[Event "Open A"]
[Site "Gjovik NOR"]
[Date "2009.01.05"]
[Round "7"]
[White "Stokke,K"]
[Black "Malakhatko,V"]
[Result "0-1"]
[WhiteElo "2334"]
[BlackElo "2633"]

1.d4 Nf6 2.Nf3 e6 3.c4 b6 4.g3 Ba6 5.b3 b5 6.cxb5 Bxb5 7.Bg2 Bb4+ 8.Bd2 a5
9.Bxb4 axb4 10.Qd2 Qe7 11.Qg5 d5 12.Qxg7 Rg8 13.Qh6 c5 14.dxc5 Qxc5 15.O-O Ke7
16.Rc1 Qxf2+ 17.Kxf2 Ng4+ 18.Ke1 Nxh6 19.a4 bxa3 20.Nxa3 Bd7 21.Ne5 Ng4 22.Nxg4 Rxg4
23.Nc2 Rxa1 24.Rxa1 Nc6 25.Kd2 f5 26.Ra8 Rg6 27.Ke3 Ne5 28.Kf4 Ng4 29.h3 e5+
30.Kf3 Rc6 31.Ne3 Nxe3 32.Kxe3 Rc3+ 33.Kf2 e4 34.Rb8 h5 35.h4 Kd6 36.e3 Rc2+
37.Kf1 Kc7 38.Rb4 Bc8 39.Bh3 Ba6+ 40.Kg1 Re2 41.Bxf5 Rxe3 42.Be6 Rxg3+ 43.Kf2 Rf3+
44.Kg2 Rd3 45.Bf7 Rd2+ 46.Kg3 Be2 47.Kf4 Bg4 48.Bg6 Kd6 49.Bxe4 dxe4 50.Rxe4 Rd5
51.Re3 Rf5+ 52.Kg3 Rf1 53.Kg2 Rd1 54.Kg3 Rd4 55.Rc3 Be6 56.Rf3 Rg4+ 57.Kh3 Rf4+  0-1

[Event "Open A"]
[Site "Gjovik NOR"]
[Date "2009.01.06"]
[Round "8"]
[White "Sofrigin,A"]
[Black "Devereaux,M"]
[Result "1-0"]
[WhiteElo "2252"]
[BlackElo "2415"]

1.d4 Nf6 2.c4 e6 3.Nf3 b6 4.g3 Ba6 5.b3 Bb7 6.Bg2 Bb4+ 7.Bd2 a5 8.Nc3 O-O
9.O-O d6 10.Nb1 Nbd7 11.Bg5 a4 12.bxa4 h6 13.Bd2 Bxd2 14.Nfxd2 Bxg2 15.Kxg2 Ra5
16.Nc3 Qa8+ 17.Kg1 e5 18.e3 Re8 19.Rb1 Nf8 20.Nb3 Ra6 21.d5 e4 22.Nd4 Qc8
23.f4 Qh3 24.Qe2 N8d7 25.Nb3 Raa8 26.Rb2 Rec8 27.Rd1 Ng4 28.Re1 f5 29.Qg2 Qh5
30.Rbe2 Ngf6 31.Rd2 Rcb8 32.Qe2 Qh3 33.Rb2 Rc8 34.Rd2 h5 35.Qg2 Qg4 36.h3 Qg6
37.Kh2 Kf7 38.Rg1 Rh8 39.Qe2 Qh7 40.Rb2 Rhc8 41.Rd2 g6 42.Rb1 Qh8 43.Rc1 Qg7
44.h4 Ke8 45.Kg2 Ng8 46.Rd4 Kf8 47.Qd1 Nh6 48.Rc2 Nf7 49.Qc1 Nd8 50.a5 bxa5
51.Na4 Kg8 52.c5 dxc5 53.Nbxc5 Nxc5 54.Rxc5 Nb7 55.Rc6 Nd6 56.Nc5 Nb5 57.Rd2 a4
58.Ne6 Qd7 59.Qc5 Nd6 60.Nxc7 Rab8 61.Rc2 Rb7 62.Rxd6 Rbxc7 63.Rxg6+ Kf7
64.Rc6 Rxc6 65.dxc6 Qe6 66.Qa7+ Kg6 67.Qxa4 Qd6 68.Qc4 Qd1 69.c7  1-0

[Event "TCh-ISR 2008-9"]
[Site "Israel ISR"]
[Date "2009.01.09"]
[Round "5"]
[White "Porat,Ma"]
[Black "Botvinnik,M ISR"]
[Result "1/2-1/2"]
[WhiteElo "2167"]
[BlackElo "2331"]

1.d4 Nf6 2.c4 e6 3.Nf3 b6 4.g3 Ba6 5.b3 b5 6.Bg2 bxc4 7.Ne5 Bb4+ 8.Kf1 c6
9.bxc4 O-O 10.Qb3 Ba5 11.Bf3 d6 12.Nd3 Nbd7 13.Qa4 Rc8 14.Bd2 Bxd2 15.Nxd2 Bb7
16.Qxa7 Ba8 17.c5 dxc5 18.Nxc5 e5 19.Nxd7 Nxd7 20.Kg2 c5 21.dxc5 Bxf3+ 22.Nxf3 e4
23.Nd4 Ra8 24.Qb7 Nxc5 25.Qb4 Qd5 26.Rhd1 Ra4 27.Nc2 Qc6 28.Qc3 e3+ 29.f3 Qa6
30.Qxe3 Ne6 31.Qd3 Qa5 32.Qd5 Qa6 33.Qd3 Qa5 34.Qd2 Qc5 35.a3 Rc4 36.Nb4 Rc8
37.Nd3 Qa7 38.Rdc1 h5 39.Rxc4 Rxc4 40.Rc1 Rxc1 41.Qxc1 Qa6 42.Qc3 Qa4 43.Nb4 Qa7
44.Qc8+ Nf8 45.Qc2 Qd4 46.Nc6 Qd6 47.a4 Nd7 48.Qe4 Nf6 49.Qc4 Kh8 50.Nd4 g6
51.a5 Nd5 52.Kf2 Qe5 53.e4 Nc7 54.Qc3 Kh7 55.Ne2 Qd6 56.Qc4 Kg8 57.Qd4 Qc6
58.Qb6 Qc4 59.Qd4 Qc6 60.Nc3 Ne6 61.Qe3 Qc4 62.f4 Nc5 63.Ne2 Nxe4+ 64.Kf3 Nf6
65.h3 Qd5+ 66.Kf2 Qxa5 67.Qd4 Qf5 68.Kg2 Nd5 69.Qd2 Qe4+ 70.Kg1 Qf3 71.Qe1 Ne3
72.Qf2 Qe4 73.Kh2 Kh7 74.Nc3 Qd3 75.Ne2 Qd2 76.Kg1 Qd1+ 77.Kh2 Qd3 78.Nc1 Qd4
79.Qe1 Qb2+ 80.Ne2 Nd5 81.Kg1 Ne3 82.Kh2 Qc2 83.Kg1 Qd3 84.Qf2 Nd1 85.Qf1 Nc3
86.Kf2 Nd1+ 87.Kg1 Qe3+ 88.Kh2 Qd2 89.Kg1 Nc3 90.Nxc3 Qxc3  1/2-1/2

[Event "Paul Keres Mem Prelim"]
[Site "Tallinn EST"]
[Date "2009.01.09"]
[Round "1"]
[White "Parkkinen,J"]
[Black "Smirnov,Arte"]
[Result "0-1"]
[WhiteElo "2239"]
[BlackElo "2449"]

1.d4 Nf6 2.Nf3 e6 3.c4 b6 4.g3 Ba6 5.Qc2 c5 6.Bg2 Bb7 7.O-O cxd4 8.Nxd4 Bxg2
9.Kxg2 Be7 10.Nc3 Qc8 11.Qd3 O-O 12.b3 a6 13.Bb2 d6 14.Kg1 Nbd7 15.Ne4 Qb7
16.Nxf6+ Bxf6 17.Rfd1 b5 18.cxb5 axb5 19.Rd2 Rfb8 20.Qf3 d5 21.Rc2 Rc8 22.Rxc8+ Rxc8
23.Qd3 Nc5 24.Qd1 Ne4 25.Rc1 b4 26.Rxc8+ Qxc8 27.Qd3 h6 28.Kg2 Qa8 29.Qb1 Bxd4
30.Bxd4 Nc3 31.Bxc3 bxc3 32.a4 d4+ 33.f3 Qa5 34.b4 Qxa4 35.b5 c2 36.Qb2 Qc4
37.Qc1 Qxe2+ 38.Kh3 Qd1  0-1

[Event "7th Parsvnath Open"]
[Site "New Delhi IND"]
[Date "2009.01.11"]
[Round "2"]
[White "Karthikeyan,P"]
[Black "Divyasri,C"]
[Result "1/2-1/2"]
[WhiteElo "2450"]
[BlackElo "2132"]

1.d4 Nf6 2.c4 e6 3.Nf3 b6 4.g3 Ba6 5.b3 Bb4+ 6.Bd2 Be7 7.Bg2 c6 8.O-O d5
9.Qc2 O-O 10.Rd1 Nbd7 11.Bf4 Qc8 12.Nbd2 c5 13.e3 Bb7 14.Qb2 Bc6 15.dxc5 bxc5
16.cxd5 exd5 17.Bh3 Qb7 18.Ne5 Nxe5 19.Bxe5 a5 20.Nf3 a4 21.Nh4 axb3 22.axb3 Rxa1
23.Rxa1 Ra8 24.Rc1 Ne8 25.Nf5 Bf8 26.Qc2 f6 27.Ba1 Ra6 28.Nh4 Bd7 29.Bf1 Bb5
30.Bg2 Bc6 31.Bf3 Rb6 32.Bd1 Qc8 33.Ng2 Qe6 34.Qd2 Nd6 35.Nf4 Qf7 36.Qa5 Rb5
37.Qa6 Bb7 38.Qa2 Ne4 39.Bg4 f5 40.Be2 Rb6 41.f3 Ng5 42.Kf2 Ne6 43.Rg1 Nc7
44.g4 fxg4 45.Rxg4 Bc8 46.Rg3 Rh6 47.Kg1 Bf5 48.Qa7 Bg6 49.Be5 Ne8 50.Qa8 Nc7
51.Bxc7 Qxc7 52.Nxd5 Qe5 53.Qd8 Bf7 54.e4  1/2-1/2

[Event "ch-BLR"]
[Site "Minsk BLR"]
[Date "2009.01.14"]
[Round "2"]
[White "Romanenko,Vl"]
[Black "Smirnov,Va"]
[Result "1-0"]
[WhiteElo "2478"]
[BlackElo "2383"]

1.d4 Nf6 2.c4 e6 3.Nf3 b6 4.g3 Ba6 5.Qc2 Bb4+ 6.Bd2 Bxd2+ 7.Nbxd2 Bb7 8.e4 d6
9.Bg2 Nfd7 10.O-O e5 11.Rfe1 O-O 12.Rad1 Nc6 13.d5 Ne7 14.Bh3 a5 15.Nh4 Bc8
16.Nf1 Nc5 17.Bxc8 Qxc8 18.Ne3 Qd7 19.b3 b5 20.cxb5 Qxb5 21.Nc4 f6 22.Kg2 Qb4
23.Nb2 Ra7 24.Na4 Nxa4 25.bxa4 Qb8 26.Rb1 Qc8 27.Re3 Qd7 28.Rc3 g6 29.Rc1 Rc8
30.Qb3 Kf7 31.Nf3 Raa8 32.Qb5 Qd8 33.Nd2 Rcb8 34.Qd3 Rb7 35.Rb3 Rxb3 36.axb3 Qb8
37.Qc3 Ra7 38.Nc4 Qa8 39.Na3 c6 40.dxc6 Rc7 41.Qc4+ Ke8 42.Nb5 Rxc6 43.Nc7+ Rxc7
44.Qxc7 Qxe4+ 45.Kg1 Qd5 46.Qc4 Qd2 47.Kg2 f5 48.Qb5+ Kf7 49.Rc7 Kf6 50.Qb7 Nd5
51.Rxh7 e4 52.Qg7+ Ke6 53.Qxg6+ Ke5 54.Qg7+  1-0

[Event "Open"]
[Site "Marianske Lazne CZE"]
[Date "2009.01.17"]
[Round "1"]
[White "Kosina,V"]
[Black "Ilandzis,S"]
[Result "0-1"]
[WhiteElo "1910"]
[BlackElo "2207"]

1.d4 Nf6 2.Nf3 e6 3.c4 b6 4.g3 Ba6 5.Qc2 c5 6.Bg2 Nc6 7.Be3 cxd4 8.Nxd4 Bb4+
9.Nd2 Nxd4 10.Bxd4 Rc8 11.b3 d5 12.O-O Bxd2 13.Qxd2 dxc4 14.Rac1 e5 15.Bc3 Qxd2
16.Bxd2 O-O 17.Rfe1 Rfd8 18.Bc3 cxb3 19.axb3 Re8 20.h3 Rc7 21.Bf1 Rec8 22.Bb2 Rxc1
23.Rxc1 Rxc1 24.Bxc1 Ne4 25.e3 Bxf1 26.Kxf1 f6 27.Ke2 Kf7 28.b4 Ke6 29.g4 Kd5
30.f3 Nd6 31.Bd2 Kc4 32.h4 Nb5 33.f4 exf4 34.exf4 Nd4+ 35.Ke3 f5 36.g5 Nc2+
37.Ke2 Nxb4 38.h5 g6 39.h6 a5 40.Bc1 Nd3 41.Be3 b5 42.Kd2 a4 43.Kc2 b4 44.Kb1 b3
45.Ka1 a3 46.Bd2 Nb4 47.Kb1 Nc2  0-1

[Event "TCh-AUT 2nd Bundesliga Ost 2008-9"]
[Site "Austria AUT"]
[Date "2009.01.18"]
[Round "7"]
[White "Schneider Zinner,H"]
[Black "Vokroj,R"]
[Result "0-1"]
[WhiteElo "2394"]
[BlackElo "2339"]

1.d4 Nf6 2.Nf3 e6 3.c4 b6 4.g3 Ba6 5.Qa4 c6 6.Bg2 b5 7.cxb5 cxb5 8.Qb3 Nc6
9.O-O Na5 10.Qd1 Rc8 11.Bg5 Qb6 12.Nbd2 b4 13.Re1 d5 14.Bxf6 gxf6 15.e4 Bb7
16.Rc1 Rxc1 17.Qxc1 Bh6 18.exd5 Bxd5 19.Qc8+ Qd8 20.Qc5 Nc6 21.Ne4 Kd7 22.Qb5 Ke7
23.Nh4 Kf8 24.Qc5+ Kg7 25.Nd6 Bxg2 26.Kxg2 Ne7 27.d5 Qa8 28.Qc7 Rd8 29.Rd1 Nxd5
30.Qxf7+ Kh8 31.Nb7 Ne3+ 32.fxe3 Rxd1 33.Nf3 Qc8 34.Nd4 e5 35.Ne6 Rd7 36.Nd6 Rxd6  0-1

[Event "Queenstown Classic"]
[Site "Queenstown NZL"]
[Date "2009.01.24"]
[Round "10"]
[White "Illingworth,M"]
[Black "Croad,N"]
[Result "1-0"]
[WhiteElo "2250"]
[BlackElo "2305"]

1.d4 Nf6 2.c4 e6 3.Nf3 b6 4.g3 Ba6 5.Qc2 c5 6.d5 exd5 7.cxd5 Bb7 8.Bg2 Nxd5
9.O-O Be7 10.Ne5 d6 11.Nxf7 Kxf7 12.Bxd5+ Bxd5 13.Qf5+ Ke8 14.Qxd5 Nd7 15.Nc3 Nf6
16.Qf3 Rf8 17.Rd1 Rc8 18.Bf4 Qd7 19.Rd2 Qh3 20.Ne4 Rd8 21.Nxd6+ Rxd6 22.Bxd6 Ng4
23.Qc6+ Kf7 24.Qg2 Qxg2+ 25.Kxg2 Bxd6 26.Rxd6 Ke7 27.Rad1 Rxf2+ 28.Kg1 Rxe2
29.R6d2 Re4 30.Rd7+ Kf8 31.Rxa7 Re8 32.Rdd7 Re1+ 33.Kg2 Ne5 34.Rd8+  1-0

[Event "ch-PriFO"]
[Site "Kazan RUS"]
[Date "2009.01.27"]
[Round "7"]
[White "Sakharov,L"]
[Black "Zaynutdinov,I"]
[Result "0-1"]
[WhiteElo "2057"]
[BlackElo "1904"]

1.d4 Nf6 2.c4 e6 3.Nf3 b6 4.g3 Ba6 5.Qc2 c5 6.Bg2 Bb7 7.O-O Be7 8.Nc3 cxd4
9.Nxd4 Bxg2 10.Kxg2 O-O 11.e4 d6 12.b3 Qc7 13.Ba3 Rd8 14.Rad1 a6 15.f4 Nc6
16.Nf3 b5 17.Nd5 exd5 18.cxd5 Qa5 19.Bxd6 Ng4 20.Rfe1 Rxd6 21.dxc6 Rxd1 22.Qxd1 Qxa2+
23.Re2 Ne3+ 24.Kg1 Nxd1 25.Rxa2 Nc3 26.Rc2 Nxe4 27.Ne5 b4 28.Ra2 Nc5 29.Kf1 Rc8
30.Nd7 Rxc6 31.Nb8 Rb6 32.Re2 Kf8  0-1

[Event "ch-PriFO"]
[Site "Kazan RUS"]
[Date "2009.01.27"]
[Round "7"]
[White "Geller,J"]
[Black "Lushenkov,M"]
[Result "1-0"]
[WhiteElo "2523"]
[BlackElo "2462"]

1.Nf3 Nf6 2.d4 e6 3.c4 b6 4.g3 Ba6 5.b3 Bb7 6.Bg2 Bb4+ 7.Bd2 a5 8.O-O O-O
9.Bf4 Be7 10.Nc3 Ne4 11.Rc1 Nxc3 12.Rxc3 Bb4 13.Rc1 Ba3 14.Rc3 Bb4 15.Rc2 Be4
16.Ng5 Bxg2 17.Qd3 g6 18.Kxg2 Be7 19.h4 Nc6 20.Rd2 d5 21.cxd5 Nb4 22.Qf3 exd5
23.Rc1 Rc8 24.a3 Na6 25.Qd3 Nb8 26.a4 Qd7 27.Nf3 Bd6 28.Bxd6 Qxd6 29.Rdc2 c6
30.h5 Nd7 31.hxg6 hxg6 32.Qe3 Kg7 33.Ne5 Nxe5 34.dxe5 Qe6 35.Qxb6 Qxe5 36.Qxa5 Qe4+
37.f3 Qe6 38.Qc3+ f6 39.Qb4 g5 40.Qg4 Qe3 41.Qd7+ Kg6 42.Rh1 Rh8 43.Rh7 Rxh7
44.Qxc8 d4 45.Qxc6 d3 46.exd3 Re7 47.Qc3 g4 48.fxg4 Rh7 49.Qc5 Qxd3 50.Qf5+ Qxf5
51.gxf5+ Kxf5 52.b4 Ke4 53.a5  1-0

[Event "LIX Verano Open"]
[Site "Villa Ballester ARG"]
[Date "2009.01.27"]
[Round "6"]
[White "Quarracino,S"]
[Black "Mareco,S"]
[Result "0-1"]
[WhiteElo "2188"]
[BlackElo "2503"]

1.d4 Nf6 2.Nf3 e6 3.c4 b6 4.g3 Ba6 5.Qb3 Nc6 6.Nbd2 Be7 7.e4 O-O 8.Bd3 Nb4
9.e5 Nxd3+ 10.Qxd3 Ne8 11.Ne4 d5 12.exd6 cxd6 13.b3 Rc8 14.Ba3 d5 15.Bxe7 Qxe7
16.Ned2 Nd6 17.Rc1 Rc7 18.Qc3 Rfc8 19.Qb4 dxc4 20.bxc4 Bxc4 21.Nxc4 Rxc4
22.Rxc4 Rxc4 23.Qa3 Qc7  0-1

[Event "1st Open"]
[Site "Gurgon IND"]
[Date "2009.01.28"]
[Round "9"]
[White "Thejkumar,M"]
[Black "Maheswaran,P"]
[Result "1/2-1/2"]
[WhiteElo "2424"]
[BlackElo "2297"]

1.d4 Nf6 2.Nf3 e6 3.c4 b6 4.g3 Ba6 5.Nbd2 Bb4 6.Qc2 Bb7 7.Bg2 Be4 8.Qd1 O-O
9.O-O Bxd2 10.Qxd2 d6 11.b3 Nbd7 12.Bb2 Qe7 13.Bh3 h6 14.Ne1 Bb7 15.f3 d5
16.Rc1 c5 17.cxd5 Nxd5 18.e4 N5f6 19.Ba3 Rfc8 20.Nd3 Qd6 21.dxc5 Nxc5 22.Bxc5 Rxc5
23.Rxc5 bxc5 24.Qe3 Ba6 25.Rd1 c4 26.bxc4 Bxc4 27.Nb2 Qa6 28.Rd4 Bb5 29.a4 Be8
30.Bf1 Qb6 31.Qf2 Rb8 32.Nc4 Qc5 33.Nd6 e5 34.Rd2 Qxf2+ 35.Kxf2 Bxa4 36.Ra2 Rb4
37.Ra3 Kf8 38.Rc3 Ne8 39.Rc8 Bd7 40.Ra8 Ke7 41.Nxe8 Bxe8 42.Rxa7+ Kd6 43.Ra6+ Bc6
44.Ra7 Bd7  1/2-1/2

[Event "14th HIT Open"]
[Site "Nova Gorica SLO"]
[Date "2009.01.31"]
[Round "1"]
[White "Gombac,Jan"]
[Black "Lenic,L"]
[Result "0-1"]
[WhiteElo "2293"]
[BlackElo "2548"]

1.d4 Nf6 2.Nf3 e6 3.c4 b6 4.g3 Ba6 5.Qc2 Bb4+ 6.Bd2 Be7 7.e4 d5 8.cxd5 Bxf1
9.Kxf1 exd5 10.e5 Ne4 11.Nc3 Nxc3 12.Bxc3 Qd7 13.Kg2 Nc6 14.Bd2 Nd8 15.Bg5 Bxg5
16.Nxg5 h6 17.e6 Nxe6 18.Nxe6 fxe6 19.Qg6+ Qf7 20.Qxf7+ Kxf7 21.Rac1 c5 22.dxc5 Rhc8
23.cxb6 axb6 24.a3 b5 25.Kf3 Rc4 26.Ke3 Ke7 27.h4 Kd6 28.Rhd1 Rac8 29.Kd2 e5
30.b3 Rd4+ 31.Ke2 Re4+ 32.Kf1 Rf8 33.Rd3 d4 34.Rcd1 g5 35.hxg5 hxg5 36.a4 Kc5
37.axb5 Kxb5 38.Re1 Rxe1+ 39.Kxe1 Kc5 40.f3 g4 41.Ke2 Rh8 42.Kf2 Rh2+ 43.Kf1 Rb2
44.Kg1 Kd5 45.Kf1 Rc2 46.Ke1 Rg2 47.fxg4 e4 48.Rd2 Rg1+ 49.Ke2 Rxg3 50.b4 Rxg4
51.Kf1 e3 52.Rb2 d3  0-1

[Event "14th HIT Open"]
[Site "Nova Gorica SLO"]
[Date "2009.01.31"]
[Round "1"]
[White "Stajner,S"]
[Black "Saric,A"]
[Result "1/2-1/2"]
[WhiteElo "2278"]
[BlackElo "2514"]

1.d4 Nf6 2.c4 e6 3.Nf3 b6 4.g3 Ba6 5.b3 d5 6.Bg2 Bb4+ 7.Bd2 Be7 8.O-O O-O
9.Qc2 c5 10.Bc3 Nc6 11.Rd1 Rc8 12.dxc5 Bxc5 13.e3 Ne4 14.cxd5 exd5 15.Qb2 Nxc3
16.Nxc3 d4 17.Ne4 d3 18.Nxc5 bxc5 19.Ne1 Re8 20.Nxd3 Bxd3 21.Bf1 Ne5 22.Bxd3 Nxd3
23.Qc3 c4 24.bxc4 Qc7 25.Rxd3 Qxc4 26.Qxc4 Rxc4 27.Rad1 Ra4 28.a3 h5 29.Rd8 Kf8
30.Rxe8+ Kxe8 31.Rd3 g6 32.h4 Ke7 33.Kg2 Ke6 34.Kf3 Ke5 35.Rb3 Kf5 36.Ke2 Ra6
37.f3 Kf6 38.e4 Ke5 39.Ke3 Ra4 40.Rd3 Kf6 41.Kf4 Ra5 42.Re3 Ra4 43.g4 hxg4
44.fxg4 Ra5 45.Rc3 Ke6 46.Rh3 Kf6 47.Re3 Kg7 48.Rd3 Kf6 49.Ke3 Ra4 50.Kf4 Ra5
51.e5+ Ke6 52.Rd6+ Ke7 53.h5 gxh5 54.gxh5 Rxa3 55.h6 Ra1 56.Kg3 Rg1+ 57.Kf3 a5
58.Ra6 Rh1 59.Kg4 a4 60.Kg5 a3  1/2-1/2

[Event "7th Gibtelecom Masters"]
[Site "Caleta ENG"]
[Date "2009.02.04"]
[Round "9"]
[White "Solomon,K"]
[Black "Nemeth,Mi1"]
[Result "0-1"]
[WhiteElo "2348"]
[BlackElo "2472"]

1.d4 Nf6 2.c4 e6 3.Nf3 b6 4.g3 Ba6 5.Qc2 c5 6.d5 exd5 7.cxd5 Bb7 8.Bg2 Nxd5
9.O-O Be7 10.Rd1 Nc6 11.Qf5 Nf6 12.e4 g6 13.Qf4 O-O 14.e5 Nh5 15.Qg4 d5 16.exd6 Bxd6
17.Nc3 Qb8 18.Qh4 Be7 19.Bg5 f6 20.Bh6 Rf7 21.Nd5 Ng7 22.Qc4 Nf5 23.Bf4 Qf8
24.Nc7 Rd8 25.Ne6 Rxd1+ 26.Rxd1 Qc8 27.g4 Ng7 28.Nxg7 Kxg7 29.g5 Na5 30.Qc3 Qg4
31.Bg3 Kg8 32.h3 Qb4 33.Qe3 Qa4 34.b3 Qc6 35.Ne1 Qc8 36.Bxb7 Nxb7 37.h4 Qg4
38.Qf3 Qxf3 39.Nxf3 Kf8 40.Kg2 Ke8 41.Rd5 Nd8 42.gxf6 Bxf6 43.Ne5 Bxe5 44.Rxe5+ Re7
45.Kf3 Rxe5 46.Bxe5 Ke7 47.Bc3 Ke6 48.Kg4 Nf7 49.Kf4 Kd5 50.f3 a5 51.Ke3 Nd8
52.f4 Nf7 53.Kd3 Nd6 54.Be1 Nf5 55.Bf2 Nd4 56.Be1 Nc6 57.a3 Nd4 58.b4 c4+
59.Kc3 axb4+  0-1

[Event "TCh-HUN 2008-9"]
[Site "Budapest HUN"]
[Date "2009.02.08"]
[Round "7"]
[White "Emodi,B"]
[Black "Csonka,A1"]
[Result "1-0"]
[WhiteElo "2362"]
[BlackElo "2275"]

1.d4 Nf6 2.c4 e6 3.Nf3 b6 4.g3 Ba6 5.b3 Bb4+ 6.Bd2 Be7 7.Nc3 d5 8.cxd5 exd5
9.Bg2 O-O 10.O-O c6 11.Ne5 Re8 12.Re1 Bb4 13.Qc2 Bxc3 14.Bxc3 Ne4 15.Bb2 Bb7
16.f3 Nd6 17.e4 f6 18.Nd3 Nd7 19.e5 Nb5 20.a4 Nc7 21.f4 f5 22.Rad1 a5 23.Bh3 g6
24.g4 Qh4 25.Qg2 fxg4 26.Bxg4 Nf8 27.f5 Ba6 28.Re3 Qh6 29.Bc1 Bxd3 30.Rexd3 Qg7
31.Rg3 c5 32.Bg5 Nd7 33.fxg6 h6 34.Bxd7 Qxd7 35.Bf6 Re6 36.Qh3 Ne8 37.Rf1  1-0

[Event "ITT IEP"]
[Site "Curitiba BRA"]
[Date "2009.02.08"]
[Round "10"]
[White "Disconzi da Silva,R"]
[Black "Giardelli,S"]
[Result "1-0"]
[WhiteElo "2368"]
[BlackElo "2378"]

1.d4 Nf6 2.c4 e6 3.Nf3 b6 4.g3 Ba6 5.Nbd2 Bb7 6.Bg2 c5 7.e4 Nxe4 8.Ne5 d5
9.cxd5 exd5 10.Qa4+ Ke7 11.Nxe4 dxe4 12.dxc5 Qd5 13.Bf4 Nd7 14.Rd1 Nxc5 15.Rxd5 Nxa4
16.Rd7+  1-0

[Event "TCh-HUN 2008-9"]
[Site "Nagykanizsa HUN"]
[Date "2009.02.08"]
[Round "7"]
[White "Farago,S"]
[Black "Farago,I"]
[Result "0-1"]
[WhiteElo "2251"]
[BlackElo "2489"]

1.d4 Nf6 2.c4 e6 3.Nf3 b6 4.g3 Ba6 5.Qc2 c5 6.Bg2 Nc6 7.dxc5 Bxc5 8.a3 Be7
9.b4 Bb7 10.Bb2 Rc8 11.Nbd2 O-O 12.O-O d6 13.Rac1 h6 14.Rfd1 Qc7 15.e4 Qb8
16.Qd3 Qa8 17.Qe2 Nb8 18.Nd4 Rfe8 19.f4 Bf8 20.Nb5 e5 21.f5 Nc6 22.Nb3 Nd4
23.N3xd4 exd4 24.Bxd4 Nxe4 25.Qf1 Ng5 26.Bxb7 Qxb7 27.Rd3 a6 28.Nc3 Rxc4
29.h4 Ne4 30.Nxe4 Rxc1 31.Nf6+ gxf6 32.Qxc1 Qe4 33.Qf1 b5 34.Bxf6 Rc8 35.Kh2 Rc2+
36.Kh3 Rf2 37.Qxf2 Qxd3 38.Bb2 Qe4 39.Kh2 h5 40.Qd4 Qxd4 41.Bxd4 Bg7 42.f6 Bh6
43.Bb2 Kh7 44.g4 Bf4+ 45.Kh3 Kg6 46.g5 Bd2 47.Kg3 Be1+ 48.Kh3 Bf2 49.Bc1 d5
50.Bf4 d4 51.Bd2 d3  0-1

[Event "80th ch-GER"]
[Site "Saarbruecken GER"]
[Date "2009.02.10"]
[Round "5"]
[White "Mueller,Reinho"]
[Black "Vatter,H"]
[Result "1/2-1/2"]
[WhiteElo "2229"]
[BlackElo "2322"]

1.d4 Nf6 2.c4 e6 3.Nf3 b6 4.g3 Ba6 5.Nbd2 d5 6.Bg2 Bd6 7.Qa4+ Qd7 8.Qc2 c5
9.O-O O-O 10.e4 Nxe4 11.Nxe4 dxe4 12.Qxe4 Bb7 13.Qd3 h6 14.Rd1 Qe7 15.dxc5 Bxc5
16.Ne5 Bxg2 17.Kxg2 Qb7+ 18.Qf3 Qxf3+ 19.Kxf3 Rc8 20.Be3 Nc6 21.Nxc6 Rxc6
22.b3 Bxe3 23.Kxe3 Rc7 24.Rd6 Kf8 25.Rad1 Ke7 26.a4 g5 27.R1d3 h5 28.Kd2 Rg8
29.Kc3 Rg6 30.a5 bxa5 31.Ra6 Rf6 32.Rd2 Rf3+ 33.Kc2 Rb7 34.Rxa5 Rfxb3 35.Rxg5 h4
36.Ra5 hxg3 37.hxg3 Kf6 38.Kd1 Rc3 39.Rc2 Rb1+ 40.Kd2 Rxc2+ 41.Kxc2 Rf1 42.c5 Rxf2+
43.Kc3 Rf3+ 44.Kb4 Rxg3 45.c6 e5 46.c7 Rg8 47.Kc5 Ke6 48.Ra6+ Kf5 49.Rxa7 Kf4
50.Rb7 Rc8 51.Kd6 e4 52.Rb8 Rxc7 53.Kxc7 e3 54.Kd6 e2 55.Re8 Kf3 56.Rxe2 Kxe2
57.Kd5  1/2-1/2

[Event "US Amateur Team-ch East"]
[Site "Parsipanny USA"]
[Date "2009.02.15"]
[Round "4"]
[White "Appelman,H"]
[Black "Sells,P"]
[Result "1/2-1/2"]
[WhiteElo "2174"]
[BlackElo "1840"]

1.d4 Nf6 2.c4 e6 3.Nf3 b6 4.g3 Ba6 5.b3 Bb4+ 6.Bd2 Be7 7.Bg2 c6 8.O-O O-O
9.Qc2 d5 10.Rd1 Nbd7 11.Bf4 Rc8 12.Nc3 Nh5 13.Be5 f5 14.Nd2 Nxe5 15.dxe5 Qc7
16.f4 b5 17.Bf3 g6 18.Kg2 Ng7 19.Re1 Rfd8 20.e3 Rd7 21.Ne2 dxc4 22.Nd4 Bb4
23.Red1 c5 24.Ne2 Rcd8 25.Nf1 Rd3 26.bxc4 bxc4 27.Qa4 Rxd1 28.Rxd1 Rxd1 29.Qxd1 Bb5
30.a4 Qd7 31.Qc1 Bxa4 32.Qxc4 Bb5 33.Qc2 Qd3 34.Qa2 a5 35.g4 Bc4 36.Qa4 Bb5
37.Qa2 a4 38.Nfg3 a3 39.gxf5 Bc4 40.Qa1 Nxf5 41.Nxf5 gxf5 42.Kf2 a2 43.Qg1+ Kf8
44.Qg5 a1=Q 45.Qf6+ Ke8 46.Bc6+ Qd7 47.Qh8+ Kf7 48.Qxh7+ Kf8 49.Qh8+ Kf7
50.Qh7+  1/2-1/2

[Event "ch-CZE"]
[Site "Decin CZE"]
[Date "2009.02.17"]
[Round "8"]
[White "Polak,T"]
[Black "Plat,V"]
[Result "1/2-1/2"]
[WhiteElo "2553"]
[BlackElo "2410"]

1.d4 Nf6 2.c4 e6 3.Nf3 b6 4.g3 Ba6 5.b3 d5 6.cxd5 exd5 7.Bg2 Bb4+ 8.Bd2 Bxd2+
9.Qxd2 O-O 10.Nc3 Nbd7 11.O-O Re8 12.Qb2 Bb7 13.Rfd1 Rc8 14.Rac1 c5 15.e3 Qe7
16.Nh4 Qe6 17.dxc5 bxc5 18.b4 c4 19.Nf3 Qb6 20.Rb1 Ba8 21.Qc2 a5 22.a3 axb4
23.axb4 Bb7 24.Bh3 Rcd8 25.Rd4 Nf8 26.Na4 Qc7 27.b5 Ne6 28.b6 Qd6 29.Nc3 Nxd4
30.Nxd4 Ra8 31.Bg2 Ra6 32.Qb2 Nd7 33.Ndb5 Qxb6 34.Nxd5 Bxd5 35.Bxd5 Ne5 36.Nd4 Qxb2
37.Rxb2 Rd6 38.e4 g6 39.f4 Nd7 40.Rb7 Rxe4 41.Bxe4 Rxd4 42.Bf3 g5 43.fxg5 Ne5
44.Be2 Nd3  1/2-1/2

[Event "ch-VIE KO Places"]
[Site "Ha Noi VIE"]
[Date "2009.02.23"]
[Round "1.1"]
[White "Nguyen Duc Hoa"]
[Black "Tran Manh Tien"]
[Result "1/2-1/2"]
[WhiteElo "2342"]
[BlackElo "2256"]

1.d4 Nf6 2.c4 e6 3.Nf3 b6 4.g3 Ba6 5.b3 Bb4+ 6.Bd2 Be7 7.Bg2 c6 8.Bc3 d5
9.Ne5 Nfd7 10.Nxd7 Nxd7 11.Nd2 Rc8 12.O-O O-O 13.e4 dxc4 14.bxc4 b5 15.Re1 bxc4
16.Qe2 Nb6 17.a4 c5 18.d5 exd5 19.exd5 Bf6 20.Bxf6 Qxf6 21.a5 c3 22.Ne4 Bxe2
23.Nxf6+ gxf6 24.axb6 axb6 25.Rxe2 b5 26.d6 b4 27.d7 Rcd8 28.Bc6 b3 29.Rae1 c2
30.Bd5 Rb8 31.Bxb3 Rxb3 32.Rxc2 Rd3 33.Re7 Rd5 34.Rc4 f5 35.Kg2 Kg7 36.Re8 Rxd7
37.Rxf8 Kxf8 38.Rxc5 f4 39.g4 Kg7 40.Kf3 Rd4 41.Rf5 Kg6 42.h4 h6 43.Rxf4 Rd3+
44.Kg2 Rd5 45.Rc4 Rd6 46.Rc5 Ra6 47.Kg3 Rb6 48.f3 Ra6 49.Kf4 Ra4+ 50.Ke5 h5
51.Rc6+ Kg7 52.g5 Rxh4 53.Rh6 Rh1 54.Kf5 Rh2 55.Kf4 Rh1  1/2-1/2

[Event "ch-EST"]
[Site "Rakvere EST"]
[Date "2009.02.26"]
[Round "9"]
[White "Kanep,M"]
[Black "Shishkov,A"]
[Result "1/2-1/2"]
[WhiteElo "2513"]
[BlackElo "2403"]

1.d4 Nf6 2.c4 e6 3.Nf3 b6 4.g3 Ba6 5.Qc2 c5 6.d5 exd5 7.cxd5 Bb7 8.Bg2 Nxd5
9.O-O Nc7 10.Nc3 Be7 11.Rd1 Qc8 12.Bg5 Nc6 13.Bh3 Ne6 14.Be3 O-O 15.Nd5 Bd8
16.Rac1 Ne7 17.Nf4 Ng6 18.Nd5 Bc6 19.Qd2 Qb7 20.b4 d6 21.a3 Bxd5 22.Qxd5 Qxd5
23.Rxd5 Be7 24.Rcd1 Nc7 25.R5d2 d5 26.bxc5 bxc5 27.Rc2 c4 28.a4 Rfb8 29.Nd4 Bf6
30.Bg2 Rb4 31.a5 Ne7 32.g4 h6 33.Nf5 Rb5 34.Nxe7+ Bxe7 35.Bf4 Ne6 36.Rxd5 Rb1+
37.Rc1 Rab8 38.Rdd1 Rxc1 39.Bxc1 Rb1 40.Be4 Ra1 41.Bc2 Nd4 42.Bb2 Nxe2+ 43.Kf1 Rxd1+
44.Bxd1 Nf4 45.Bd4 a6 46.Bf3 Bb4 47.Be3 g5  1/2-1/2

[Event "TCh-HUN 2008-9"]
[Site "Budapest HUN"]
[Date "2009.03.01"]
[Round "9"]
[White "Kerek,C"]
[Black "Csonka,A1"]
[Result "1/2-1/2"]
[WhiteElo "2293"]
[BlackElo "2275"]

1.d4 Nf6 2.c4 e6 3.Nf3 b6 4.g3 Ba6 5.Nbd2 d5 6.Bg2 c6 7.Qc2 Be7 8.O-O O-O
9.b3 Nbd7 10.Rd1 Rc8 11.e4 c5 12.e5  1/2-1/2

[Event "25th Open"]
[Site "Cappelle la Grande FRA"]
[Date "2009.03.05"]
[Round "7"]
[White "Sieciechowicz,M"]
[Black "Smirnov,I UKR"]
[Result "1/2-1/2"]
[WhiteElo "2341"]
[BlackElo "2505"]

1.d4 Nf6 2.c4 e6 3.Nf3 b6 4.g3 Ba6 5.b3 b5 6.cxb5 Bxb5 7.Bg2 Bc6 8.O-O a5
9.a4 Na6 10.Na3 Nb4 11.Bf4 Qb8 12.Ne5 Bxg2 13.Kxg2 Qb7+ 14.f3 Be7 15.Nec4 O-O
16.Nb5 d5 17.Ne5 c6 18.Nc3 c5 19.dxc5 Bxc5 20.Nb5 Nh5 21.Bd2 Rfc8 22.Rc1 Nf6
23.Bf4 Nh5 24.Bd2 Nf6  1/2-1/2

[Event "Eastern Class Ch"]
[Site "Sturbridge USA"]
[Date "2009.03.07"]
[Round "2"]
[White "Zenyuk,I"]
[Black "Mandiza,F"]
[Result "1-0"]
[WhiteElo "2237"]
[BlackElo "2332"]

1.d4 Nf6 2.Nf3 e6 3.c4 b6 4.g3 Ba6 5.Qc2 c5 6.d5 exd5 7.cxd5 g6 8.Nc3 Bg7
9.Bg2 O-O 10.O-O d6 11.Re1 b5 12.e4 Nfd7 13.Bf4 Ne5 14.Nxe5 Bxe5 15.Bxe5 dxe5
16.Red1 Nd7 17.d6 Rb8 18.Nd5 Bb7 19.Ne7+ Kg7 20.Bh3 c4 21.Qc3 f6 22.Bxd7 Qxd7
23.f3 Qe6 24.Qa5 a6 25.a4 b4 26.Qc7 Kh8 27.Rac1 c3 28.bxc3 b3 29.c4 Ba8 30.Rb1 f5
31.exf5 gxf5 32.Nd5 Rbd8 33.Rxb3 f4 34.Qe7 Qxd6 35.Qxd6 Rxd6 36.a5 fxg3 37.hxg3 Rg6
38.Kg2 Rc6 39.Nb6 Bb7 40.Nd7 Rxf3 41.Rxb7 Ra3 42.Nf6  1-0